ბათუმის შოთა რუსთაველის სახელმწიფო უნივერსიტეტის ბიბლიოთეკა

Finance of international trade. (ბიბ.ჩანაწერი № 46951)

000 -LEADER
fixed length control field 00509nam a2200217Ia 4500
001 - CONTROL NUMBER
control field 13805
003 - CONTROL NUMBER IDENTIFIER
control field GE_BSU
008 - FIXED-LENGTH DATA ELEMENTS--GENERAL INFORMATION
fixed length control field 181216s||||||||xx |||||||||||||| ||und||
020 ## - INTERNATIONAL STANDARD BOOK NUMBER
International Standard Book Number 0852970595
040 ## - CATALOGING SOURCE
Transcribing agency GE_BSU
080 ## - UNIVERSAL DECIMAL CLASSIFICATION NUMBER
Universal Decimal Classification number 336.6
100 ## - MAIN ENTRY--PERSONAL NAME
Personal name Watson,Alasdair.
245 ## - TITLE STATEMENT
Title Finance of international trade.
250 ## - EDITION STATEMENT
Edition statement 2-nd edition.
260 ## - PUBLICATION, DISTRIBUTION, ETC.
Place of publication, distribution, etc. London.
260 ## - PUBLICATION, DISTRIBUTION, ETC.
Name of publisher, distributor, etc. The institute of bankers.
260 ## - PUBLICATION, DISTRIBUTION, ETC.
Date of publication, distribution, etc. 1981
300 ## - PHYSICAL DESCRIPTION
Extent 333p;25cm.
653 ## - INDEX TERM--UNCONTROLLED
Uncontrolled term Finance of international trade.
942 ## - ADDED ENTRY ELEMENTS (KOHA)
Koha item type წიგნი
ეგზემპლარები
Withdrawn status Lost status Damaged status Not for loan Date acquired Barcode Date last seen Price effective from Koha item type
        2018-12-17 36860 2018-12-17 2018-12-17 წიგნი